000 00320nam a2200109Ia 4500
008 200302s9999 xx 000 0 und d
100 _aScott Drake
245 _aThe Elements of Architecture Principles of Enviromental Performance in Buildings
260 _bEarthscan Publications Ltd.
260 _c2009
300 _a124 P.,
999 _c2753
_d2753